00554nam a22001817a 450000500170000001000150001702000260003203500140005803700140007208200150008610000180010124500940011926000380021327000490025130000330030050000220033370000170035520181008144023.0 aENG-124046 a9789353161569c599.00 aEN-107578 bDBAD/PUB. a005.133076 aSierra, Kathy aOCA java SE 8 programmer I exam guide (exam. IZ0-808) /bby Kathy Sierra [and] Bert Bates bTata McGraw Hillc2018aNew Delhi aP-24, Green Park ExtnsionbNew Delhie110016 axxxvii,437c24cm(pbk)bill.  aIt includes index aBates, Bert